|
|
|
|
| LEADER |
03159nam a2200505 4500 |
| 001 |
978-3-030-14497-5 |
| 003 |
DE-He213 |
| 005 |
20191027141102.0 |
| 007 |
cr nn 008mamaa |
| 008 |
190614s2019 gw | s |||| 0|eng d |
| 020 |
|
|
|a 9783030144975
|9 978-3-030-14497-5
|
| 024 |
7 |
|
|a 10.1007/978-3-030-14497-5
|2 doi
|
| 040 |
|
|
|d GrThAP
|
| 050 |
|
4 |
|a P87-96
|
| 072 |
|
7 |
|a JFD
|2 bicssc
|
| 072 |
|
7 |
|a SOC052000
|2 bisacsh
|
| 072 |
|
7 |
|a JBCT
|2 thema
|
| 082 |
0 |
4 |
|a 302.23
|2 23
|
| 100 |
1 |
|
|a Sodré, Muniz.
|e author.
|4 aut
|4 http://id.loc.gov/vocabulary/relators/aut
|
| 245 |
1 |
4 |
|a The Science of the Commons
|h [electronic resource] :
|b A Note on Communication Methodology /
|c by Muniz Sodré.
|
| 250 |
|
|
|a 1st ed. 2019.
|
| 264 |
|
1 |
|a Cham :
|b Springer International Publishing :
|b Imprint: Palgrave Macmillan,
|c 2019.
|
| 300 |
|
|
|a XII, 248 p. 1 illus.
|b online resource.
|
| 336 |
|
|
|a text
|b txt
|2 rdacontent
|
| 337 |
|
|
|a computer
|b c
|2 rdamedia
|
| 338 |
|
|
|a online resource
|b cr
|2 rdacarrier
|
| 347 |
|
|
|a text file
|b PDF
|2 rda
|
| 490 |
1 |
|
|a Global Transformations in Media and Communication Research - A Palgrave and IAMCR Series
|
| 505 |
0 |
|
|a Chapter One: Introduction -- Chapter Two: A Post-Disciplinary Science.-Chapter Three: A Financial Ideology -- Chapter Four: A Science for the Virtual Bios -- Chapter Five: The Organization of the Common.
|
| 520 |
|
|
|a The Science of the Commons proposes a new mode of comprehending communication. Leaving aside a sociological and linguistic model that defines communication as a process of information transmission, this book introduces an innovative ethical-political understanding of communication as a connection of the common, the cohesive tie of the community. Muniz Sodré critiques the weak ethical and political aspirations of the field of communication and suggests the construction of a 'post-disciplinary' science, set against the classic disciplines of sociology, anthropology and economics, which resists a global ideology of financialization. Moving the field of communication beyond media studies to a philosophical reflection on the roots of the community, The Science of the Commons is a ground-breaking book that offers fresh perspectives for the study of communication worldwide. .
|
| 650 |
|
0 |
|a Communication.
|
| 650 |
|
0 |
|a Culture-Study and teaching.
|
| 650 |
|
0 |
|a Mass media.
|
| 650 |
1 |
4 |
|a Media and Communication.
|0 http://scigraph.springernature.com/things/product-market-codes/412010
|
| 650 |
2 |
4 |
|a Cultural Theory.
|0 http://scigraph.springernature.com/things/product-market-codes/411130
|
| 650 |
2 |
4 |
|a Media Sociology.
|0 http://scigraph.springernature.com/things/product-market-codes/X22110
|
| 710 |
2 |
|
|a SpringerLink (Online service)
|
| 773 |
0 |
|
|t Springer eBooks
|
| 776 |
0 |
8 |
|i Printed edition:
|z 9783030144968
|
| 776 |
0 |
8 |
|i Printed edition:
|z 9783030144982
|
| 776 |
0 |
8 |
|i Printed edition:
|z 9783030144999
|
| 830 |
|
0 |
|a Global Transformations in Media and Communication Research - A Palgrave and IAMCR Series
|
| 856 |
4 |
0 |
|u https://doi.org/10.1007/978-3-030-14497-5
|z Full Text via HEAL-Link
|
| 912 |
|
|
|a ZDB-2-LCM
|
| 950 |
|
|
|a Literature, Cultural and Media Studies (Springer-41173)
|